Historia de la radio y la televisión / (Record no. 28049)

MARC details
000 -CABECERA
campo de control de longitud fija 00685nam a2200229 a 4500
005 - FECHA Y HORA DE LA ÚLTIMA TRANSACCIÓN
campo de control 20230131063557.0
008 - ELEMENTOS DE LONGITUD FIJA--INFORMACIÓN GENERAL
campo de control de longitud fija 991125s1982 mx 000 0 spa u
020 ## - NÚMERO INTERNACIONAL NORMALIZADO PARA LIBROS
Número Internacional Estándar del Libro 9681612655
035 ## - NÚMERO DE CONTROL DEL SISTEMA
Número de control de sistema UPN01000028049
049 ## - COLECCIÓN
Colección CG
050 #4 - SIGNATURA TOPOGRÁFICA DE LA BIBLIOTECA DEL CONGRESO
Número de clasificación PN1991.2
Número de documento/Ítem A4.38
100 1# - ASIENTO PRINCIPAL--NOMBRE PERSONAL
Nombre de persona Albert, Pierre
245 10 - MENCIÓN DE TÍTULO
Título Historia de la radio y la televisión /
Mención de responsabilidad, etc. Pierre Albert, André-Jean Tudesq ; tr. Diana Irene Galak C.
260 ## - PUBLICACIÓN, DISTRIBUCIÓN, ETC.
Lugar de publicación, distribución, etc. México :
Nombre del editor, distribuidor, etc. FCE,
Fecha de publicación, distribución, etc. 1982.
300 ## - DESCRIPCIÓN FÍSICA
Extensión 176 p.
440 #0 - MENCIÓN DE SERIE/ASIENTO SECUNDARIO--TÍTULO
Título Breviarios ;
Designación de volumen o secuencia 338
534 ## - NOTA SOBRE LA VERSIÓN ORIGINAL
Frase introductoria Titulo original:
Mención de título del original Histoire de la radio-télévision
650 #4 - ASIENTO SECUNDARIO DE MATERIA - TERMINO TEMATICO
Término de materia o nombre geográfico como elemento de entrada RADIO
650 #2 - ASIENTO SECUNDARIO DE MATERIA - TERMINO TEMATICO
Término de materia o nombre geográfico como elemento de entrada Televisión
9 (RLIN) 21633
700 2# - ASIENTO SECUNDARIO--NOMBRE DE PERSONAL
Nombre de persona Tudesq, A
Fechas asociadas al nombre ndré-Jean,
Término indicativo de función/relación coaut.
905 ## - TIPO DE MATERIAL
Tipo de material Libro
Holdings
Estado de retiro Estado de pérdida Fuente del sistema de clasificación o colocación Estado dañado No para préstamo Código de colección Localización permanente Ubicación/localización actual Ubicación en estantería Fecha de adquisición Enumeración/cronología de publicación seriada Total de préstamos Clasificación Código de barras Fecha visto por última vez Número de copia Tipo de ítem Koha Fecha del último préstamo
    Library of Congress Classification     Colección General Bib. Gregorio Torres Quintero Bib. Gregorio Torres Quintero Planta baja 19/01/2023 ej.5 - 24 PN1991.2 A4.38 157465 19/01/2023 1 Libro  
    Library of Congress Classification     Colección General Bib. Gregorio Torres Quintero Bib. Gregorio Torres Quintero Planta baja   ej.3 - 8 PN1991.2 A4.38 84987 31/12/2020 1 Libro  
    Library of Congress Classification     Colección General Bib. Gregorio Torres Quintero Bib. Gregorio Torres Quintero Planta baja 30/11/2022 ej.4 - 24 PN1991.2 A4.38 157464 04/01/2023 1 Libro 30/11/2022
    Library of Congress Classification     Colección General Bib. Gregorio Torres Quintero Bib. Gregorio Torres Quintero Planta baja   ej.2 -   PN1991.2 A4.38 84986 31/12/2020 1 Libro  
    Library of Congress Classification     Colección General Bib. Gregorio Torres Quintero Bib. Gregorio Torres Quintero Planta baja   - 6 PN1991.2 A4.38 84985 31/12/2020 1 Libro